Průvodce kurzem Matematika A : eLearning : podpora k prezenční formě studia : vzdělávací řídící systém MOODLE /

Hlavní autor: Majovská, Renata, 1955-
Korporativní autor: Vysoká škola báňská - Technická univerzita Ostrava. Ekonomická fakulta
Další autoři: Evropský sociální fond
Jazyk: Čeština
Vydáno: Ostrava : VŠB - Technická univerzita Ostrava, katedra matematických metod v ekonomice, 2007
Vydání: 1. vyd.
Témata:
Externí odkaz: Digitalizovaný dokument
Fyzický popis: 28 l. ; 30 cm
Knihy
Uloženo v:
LEADER 02561nam a2200613 a 4500
001 nkc20071714470
003 CZ PrNK
005 20070621161735.0
007 ta
008 070329s2007 xr e f 000 0 cze
015 |a cnb001714470 
020 |a 978-80-248-1388-2  |q (brož.) :  |c neprodejné 
035 |a (OCoLC)124092449 
040 |a BOA001  |b cze  |d ABA001 
043 |a e-xr---  |b e-xr-mo  |2 czenas 
072 7 |a 378  |x Vysoké školy  |2 Konspekt  |9 22 
080 |a 378.6:62  |2 MRF 
080 |a 37.091.3  |2 MRF 
080 |a 37.091.3:004  |2 MRF 
080 |a 517  |2 MRF 
080 |a (437.326)  |2 MRF 
080 |a (036)  |2 MRF 
100 1 |a Majovská, Renata,  |d 1955-  |7 mzk2005279622  |4 aut 
245 1 0 |a Průvodce kurzem Matematika A :  |b eLearning : podpora k prezenční formě studia : vzdělávací řídící systém MOODLE /  |c Renata Majovská 
246 3 0 |a Matematika A 
246 3 0 |a Moodle 
250 |a 1. vyd. 
260 |a Ostrava :  |b VŠB - Technická univerzita Ostrava, katedra matematických metod v ekonomice,  |c 2007 
300 |a 28 l. ;  |c 30 cm 
500 |a Nad názvem: ESF, Vysoká škola báňská - Technická univerzita Ostrava, Ekonomická fakulta 
500 |a 5 výt. 
504 |a Obsahuje bibliografii 
610 2 7 |a Vysoká škola báňská - Technická univerzita Ostrava.  |b Ekonomická fakulta  |7 kn20010709388  |2 czenas 
650 0 7 |a vysoké technické školy  |7 ph127286  |z Česko  |2 czenas 
650 0 7 |a studium a výuka  |7 ph136700  |2 czenas 
650 0 7 |a e-learning  |7 ph196647  |2 czenas 
650 0 7 |a matematická analýza  |7 ph115238  |2 czenas 
650 0 9 |a technical universities  |z Czechia  |2 eczenas 
650 0 9 |a study and teaching  |2 eczenas 
650 0 9 |a e-learning  |2 eczenas 
650 0 9 |a mathematical analysis  |2 eczenas 
651 7 |a Ostrava (Česko)  |7 ge128537  |2 czenas 
651 9 |a Ostrava (Czechia)  |2 eczenas 
655 7 |a informační publikace  |7 fd132454  |2 czenas 
655 9 |a information publications  |2 eczenas 
710 2 |a Vysoká škola báňská - Technická univerzita Ostrava.  |b Ekonomická fakulta  |7 kn20010709388 
710 2 |a Evropský sociální fond  |7 kn20021211003 
856 4 1 |u https://www.digitalniknihovna.cz/mzk/uuid/uuid:caa98510-5e0a-11e6-8336-005056827e52  |y Digitalizovaný dokument  |x NDK 
910 2 |a BOA001  |b 4-1185.073 
928 9 |a Vysoká škola báňská - Technická univerzita Ostrava, katedra matematických metod v ekonomice 
990 |a BK 
995 |a 01 
991 |b 200704  |c NOV 
996 6 |b 2610307172  |c 4-1185.073  |l MZK  |r Sklad / do 1 hodiny  |n 0  |p p.v.  |w 000846877  |u 000010  |a 1  |e BOA001  |j MZK50  |s P